Statistics for Magic Johnson Quiz

Click here to take the quiz!

General Stats

  • This quiz has been taken 319 times
  • The average score is 7 of 10

Answer Stats

HintAnswer% Correct
How many kids does he have3
100%
How many nba titles has he won5
99%
What Disease Does he haveHIV Aids
92%
What player was his biggest rivalLarry Bird
92%
What number did he wear32
91%
Who did he beat in the 1988 NBA FinalsPistons
65%
When did appear on the 2k12 cover2011
60%
What college did he go toMichigan State
56%
Who was very worthy to be his teammateJames Worthy
52%
Where did he get his diseaseSpain
4%

Score Distribution

Percentile by Number Answered

Percent of People with Each Score

Your Score History

You have not taken this quiz